000 00345nam a2200121Ia 4500
008 190722s9999 xx 000 0 und d
020 _a978-969-407-115-1
100 _aAbdul Jabbar Khan
245 0 _aNon-Interest Banking In Pakistan (Concept, Practice And Evalution)
260 _aKarachi
_bRoyal Book Company
_c2012
300 _a104
942 _cBK
999 _c396
_d396